Acta operativo oeconomica 38 zborník Vysokej školy poľnohospodárskej v Nitre

Salvato in:
Dettagli Bibliografici
Natura: Libro
Lingua:slovacco
Pubblicazione: Bratislava Príroda 1983
Tags: Aggiungi Tag
Nessun Tag, puoi essere il primo ad aggiungerne!!

MARC

LEADER 00000nam a2200000 4500
001 c132787
005 20221220090423.5
041 0 |a slo 
044 |a SK 
245 1 0 |a Acta operativo oeconomica 38  |b zborník Vysokej školy poľnohospodárskej v Nitre 
264 1 |a Bratislava  |b Príroda  |c 1983 
300 |a 457 s.  |e príl.